[Event "North American-ch U20"]
[Site "Dulles"]
[Date "2023.12.23"]
[Round "9"]
[White "Zhong, Ryan Yunhui"]
[Black "Xiong, Lang Leo"]
[Result "1-0"]
[WhiteElo "1822"]
[BlackElo "1983"]
[PlyCount "63"]
[EventDate "2023.12.19"]
[EventType "swiss"]
[EventRounds "9"]
[EventCountry "USA"]
[SourceTitle "CB52_2023"]
[SourceDate "2023.12.27"]
[SourceVersion "1"]
[SourceVersionDate "2023.12.27"]
[SourceQuality "1"]

1. e4 c6 2. d4 d5 3. Nc3 dxe4 4. Nxe4 Bf5 5. Ng3 Bg6 6. N1e2 e5 7. dxe5 Qa5+ 8. c3 Qxe5 9. Qb3 b5 10. Bf4 Qf6 11. h4 Bc5 12. h5 Bd3 13. Qd1 Qd8 14. Qd2 Na6 15. Rd1 Bc4 16. Qxd8+ Rxd8 17. Rxd8+ Kxd8 18. b3 Bd5 19. Nf5 g6 20. hxg6 Ne7 21. Be5 Nxf5 22. gxh7 Re8 23. h8Q Rxh8 24. Rxh8+ Kd7 25. Nf4 Be4 26. Bd3 Bxd3 27. Nxd3 Bb6 28. g4 Ne7 29. f4 Nc7 30. Rf8 Ncd5 31. Rxf7 Ne3 32. Rg7 1-0

[Event "North American-ch U20"]
[Site "Dulles"]
[Date "2023.12.20"]
[Round "3"]
[White "Mendes, Aaron Reeve"]
[Black "Xiong, Lang Leo"]
[Result "1-0"]
[WhiteElo "2328"]
[BlackElo "1983"]
[PlyCount "63"]
[EventDate "2023.12.19"]
[EventType "swiss"]
[EventRounds "9"]
[EventCountry "USA"]
[SourceTitle "CB52_2023"]
[SourceDate "2023.12.27"]
[SourceVersion "1"]
[SourceVersionDate "2023.12.27"]
[SourceQuality "1"]

1. e4 c6 2. Nf3 d5 3. Nc3 dxe4 4. Nxe4 Nf6 5. Qe2 Nxe4 6. Qxe4 Nd7 7. d4 Nf6 8. Qd3 e6 9. c3 h6 10. Bf4 Bd6 11. Be5 0-0 12. Qc4 Nd5 13. Rd1 Qc7 14. Bd3 Nf4 15. Bxf4 Bxf4 16. Be4 Bd6 17. 0-0 e5 18. dxe5 Be7 19. Bb1 Be6 20. Qe4 g6 21. Nd4 Bd5 22. Qe2 Qc8 23. f4 Kh8 24. f5 Bc5 25. c4 Rd8 26. cxd5 Rxd5 27. Qe3 Qd7 28. Qxh6+ Kg8 29. fxg6 fxg6 30. Qxg6+ Qg7 31. Qe6+ Kh8 32. Rf4 1-0

[Event "Dulles Skyline op-A"]
[Site "Dulles"]
[Date "2022.10.10"]
[Round "5"]
[White "Xiong, Lang Leo"]
[Black "Daniels, Jason S"]
[Result "0-1"]
[WhiteElo "1773"]
[BlackElo "1972"]
[PlyCount "90"]
[EventDate "2022.10.08"]
[EventType "swiss"]
[EventRounds "6"]
[EventCountry "USA"]
[SourceTitle "CBM 210 Extra"]
[Source "ChessBase"]
[SourceDate "2022.11.30"]
[SourceVersion "1"]
[SourceVersionDate "2022.11.30"]
[SourceQuality "1"]

1. e4 c5 2. Nc3 a6 3. f4 b5 4. Nf3 Bb7 5. d3 Nc6 6. g3 g6 7. Bg2 Bg7 8. 0-0 d6 9. Kh1 Nh6 10. Ne2 0-0 11. c3 Rc8 12. h3 e6 13. Be3 Na5 14. f5 f6 15. Qc1 Nf7 16. fxg6 hxg6 17. Nf4 Re8 18. Nxg6 c4 19. Ne1 cxd3 20. Nxd3 Nc4 21. Ngf4 Ng5 22. Nf2 d5 23. exd5 e5 24. Nh5 Bxd5 25. Ng4 Bxg2+ 26. Kxg2 Qd5+ 27. Kh2 Nf3+ 28. Rxf3 Qxf3 29. Bh6 Bh8 30. Qc2 e4 31. Kg1 Qf5 32. Nf4 Rcd8 33. Rd1 Kh7 34. Ng2 Rd3 35. Rf1 Qc5+ 36. Kh2 f5 37. b4 Qc8 38. Qf2 Rf3 39. Qa7+ Kg8 40. Rd1 Rd3 41. Rf1 Bxc3 42. Bg5 Bg7 43. Nf6+ Bxf6 44. Bxf6 Qd7 45. Qxa6 Ra3 0-1